[Event "POL-chT3"]
[Site "Jastrzebia Gora POL"]
[Date "2015.??.??"]
[Round "7.45"]
[White "Osipow, Nikolaj"]
[Black "Maciaga, Marcin"]
[Result "1-0"]
[WhiteElo "2117"]
[BlackElo "2101"]
[EventDate "2015.??.??"]
[WhiteTitle "k"]
[BlackTitle "k+"]

1.d4 Nf6 2.Nf3 e6 3.e3 c5 4.Be2 b6 5.O-O Be7 6.b3 Bb7 7.Bb2 O-O 8.c4 d5 9.
Nc3 Nbd7 10.Rc1 a6 11.dxc5 bxc5 12.cxd5 exd5 13.Bd3 Ne4 14.Bb1 Ndf6 15.
Nxe4 Nxe4 16.Bxe4 dxe4 17.Nd2 Qd5 18.Nc4 Qg5 19.Qd7 Bc8 20.Qc7 a5 21.Qe5 
Qxe5 22.Bxe5 Be6 23.Rfd1 a4 24.Nb6 Ra6 25.Nxa4 c4 26.Nc3 cxb3 27.axb3 Bxb3
28.Rd7 Bb4 29.Ne2 Be6 30.Rb7 Bd6 31.Bd4 Rfa8 32.Nc3 Ra1 33.Rbb1 Rxb1 34.
Rxb1 Bf5 35.g3 h5 36.Kg2 h4 37.gxh4 Re8 38.h3 Re6 39.h5 Kh7 40.Rb5 g6 41.
Nd5 gxh5 42.Nf6+ Kg6 43.Nxh5 Kxh5 44.Rxf5+ Kg6 45.Rd5 Be7 46.Kg3 f5 47.h4 
Bd6+ 48.Kh3 Be7 49.Bc5 Bf6 50.Rd7 Kh5 51.Bd4 Be7 52.Rb7 Kg6 53.Rb8 Kh5 54.
Re8 f4 55.Bc5 fxe3 56.fxe3 Bxc5 57.Rxe6 Bxe3 58.Rxe4 Bh6 59.Re5+ Kg6 60.
Kg4 Bg7 61.Ra5 Bd4 62.Ra6+ Kh7 63.Kh5 Bf2 64.Rf6 Be1 65.Rf7+ Kg8 66.Rd7 
Kf8 67.Kg5 Bf2 68.h5 1-0

[Event "POL-chT3"]
[Site "Jastrzebia Gora POL"]
[Date "2015.??.??"]
[Round "7.46"]
[White "Szustakowski, Antoni"]
[Black "Kornasiewicz, Stanislaw"]
[Result "1-0"]
[WhiteElo "2030"]
[BlackElo "2108"]
[EventDate "2015.??.??"]
[WhiteTitle "I"]
[BlackTitle "FM"]

1.Nf3 f5 2.c4 Nf6 3.g3 g6 4.Bg2 Bg7 5.O-O O-O 6.d4 d6 7.Nc3 c6 8.Rb1 Qe8 
9.d5 c5 10.b3 a6 11.Bb2 Nbd7 12.Nd2 Ne5 13.e4 Nd3 14.Ba1 f4 15.Nf3 Ne5 16.
Nxe5 dxe5 17.gxf4 Nh5 18.fxe5 Bxe5 19.Ne2 Bxa1 20.Rxa1 Nf4 21.Nxf4 Rxf4 
22.Qd2 Qf8 23.Qe3 b6 24.e5 Bb7 25.e6 Rd8 26.Rae1 Rd6 27.Qc3 Qg7 28.Qxg7+ 
Kxg7 29.Re3 b5 30.Rc1 b4 31.Rd1 a5 32.Rdd3 a4 33.Rf3 Rf5 34.Rxf5 gxf5 35.
Rf3 axb3 36.axb3 Kg6 37.Bh3 Ra6 38.Bxf5+ Kg5 39.Bxh7 Ra1+ 40.Kg2 Re1 41.
Re3 Rd1 42.Be4 Kf6 43.Bf3 Rd4 44.Kg3 Kg5 45.Re4 Rd3 46.h4+ Kh6 47.Re3 Rd4 
48.Be2 Rd2 49.f4 Kg7 50.h5 Rd4 51.f5 Rd2 52.h6+ Kxh6 53.f6 1-0

[Event "POL-chT3"]
[Site "Jastrzebia Gora POL"]
[Date "2015.??.??"]
[Round "7.47"]
[White "Szmyd, Arkadiusz"]
[Black "Krasiewicz, Robert"]
[Result "0-1"]
[WhiteElo "2137"]
[BlackElo "2027"]
[EventDate "2015.??.??"]
[WhiteTitle "k"]
[BlackTitle "k+"]

1.e4 e6 2.d4 d5 3.Nd2 Nf6 4.e5 Nfd7 5.Bd3 c5 6.c3 Nc6 7.Ne2 cxd4 8.cxd4 f6
9.Nf4 Nxd4 10.Qh5+ Ke7 11.Ng6+ hxg6 12.exf6+ Kxf6 13.Qxh8 Kf7 14.O-O Nc5 
15.Bb1 Qf6 16.Nf3 Nxf3+ 17.gxf3 Qxf3 18.Qh4 e5 19.Be3 Bh3 20.Qg5 Qf6 21.
Rc1 d4 22.Bd2 Ne6 23.Qg3 Bf5 24.Qb3 Qe7 25.Re1 Kf6 26.a3 Rc8 27.Qg3 Qc7 
28.Bxf5 gxf5 29.Rac1 Bc5 30.b4 b6 31.bxc5 bxc5 32.Rb1 e4 33.Qh4+ Ke5 34.
Rb5 g5 35.Bxg5 Rg8 36.Qg3+ Kd5 37.Qb3+ Kd6 38.h4 Qh7 39.Ra5 Nxg5 40.Qg3+ 
Kc6 41.hxg5 Qh5 42.Rxc5+ Kxc5 43.Rc1+ Kd5 44.Qb3+ Kd6 45.Qb4+ Ke5 46.Qc5+ 
Kf4 47.Qd6+ Kxg5 48.Qd5 Qg4+ 49.Kf1 Qh3+ 50.Ke2 Qf3+ 51.Ke1 Qh1+ 52.Ke2 
d3+ 0-1

[Event "POL-chT3"]
[Site "Jastrzebia Gora POL"]
[Date "2015.??.??"]
[Round "7.48"]
[White "Sliwicka, Alicja"]
[Black "Gonsior, Monika"]
[Result "1-0"]
[WhiteElo "2003"]
[BlackElo "1952"]
[EventDate "2015.??.??"]
[WhiteTitle "WFM"]
[BlackTitle "m"]

1.e4 e5 2.Nf3 d6 3.d4 Bg4 4.dxe5 Bxf3 5.Qxf3 dxe5 6.Bc4 Qd7 7.O-O Nc6 8.
Rd1 Nd4 9.Rxd4 exd4 10.Bg5 h6 11.Bh4 g5 12.Bg3 Rh7 13.e5 O-O-O 14.Bd3 Ne7 
15.Bxh7 Qb5 16.Nd2 Nd5 17.Nb3 Kb8 18.a4 Qd7 19.Bf5 Qe7 20.Be4 Qe6 21.Nxd4 
Qb6 22.Nb3 Nb4 23.Rd1 Rc8 24.a5 Qa6 25.Bf5 Re8 26.Bd7 Rd8 27.Bb5 Rxd1+ 28.
Qxd1 Qe6 29.Bc4 Qe7 30.c3 Nc6 31.a6 h5 32.Qxh5 Nxe5 33.Bxe5 Qxe5 34.Qxf7 
1-0

[Event "POL-chT3"]
[Site "Jastrzebia Gora POL"]
[Date "2015.??.??"]
[Round "7.49"]
[White "Szymanski, Piotr"]
[Black "Janik, Igor"]
[Result "1/2-1/2"]
[WhiteElo "2249"]
[BlackElo "2387"]
[EventDate "2015.??.??"]
[WhiteTitle "k+"]
[BlackTitle "I++"]

1.d4 d5 2.Nf3 Nf6 3.c4 e6 4.g3 c6 5.Qc2 Be7 6.Bg2 O-O 7.O-O Nbd7 8.Nbd2 b6
9.e4 dxe4 10.Nxe4 Nxe4 11.Qxe4 Bb7 12.Rd1 Nf6 13.Qc2 Qc8 14.c5 Rd8 15.Bf4 
Nd5 16.Bd2 bxc5 17.dxc5 Ba6 18.b4 Bf6 19.Rac1 Rb8 20.a3 Be2 21.Re1 Qa6 22.
Qb3 h6 23.Bf1 Bxf1 24.Rxf1 Nc7 25.Rc4 Rd5 26.Bf4 e5 27.Be3 Rbd8 28.a4 Rd3 
29.Qc2 Ra3 30.b5 cxb5 31.axb5 Qxb5 32.c6 Qd5 33.Qe2 e4 34.Ne1 Rc3 35.Rxc3 
Bxc3 36.Bxa7 Qxc6 37.Ng2 Nb5 38.Be3 Bd4 39.Rc1 Nc3 40.Qe1 Bf6 41.Kh1 Qa4 
42.Nf4 Na2 43.Rb1 Qc2 44.Kg2 Bc3 45.Qf1 Bb2 46.Re1 Be5 47.Qb5 Qc3 48.Qe2 
Nb4 49.Rc1 Qa3 50.Rc4 Bxf4 51.Bxf4 f5 52.Qh5 Qb3 53.Rc5 Nd5 54.Qxf5 Qf3+ 
55.Kh3 Nxf4+ 56.Qxf4 Qxf4 57.gxf4 Rd3+ 58.Kg2 Rf3 59.f5 Kf7 60.Re5 Kf6 
1/2-1/2

[Event "POL-chT3"]
[Site "Jastrzebia Gora POL"]
[Date "2015.??.??"]
[Round "7.50"]
[White "Lisowski, Krzysztof"]
[Black "Krzywda, Andrzej"]
[Result "1/2-1/2"]
[WhiteElo "2137"]
[BlackElo "2113"]
[EventDate "2015.??.??"]
[WhiteTitle "k"]
[BlackTitle "k"]

1.e4 c5 2.Nf3 Nc6 3.Bb5 g6 4.O-O Bg7 5.c3 Nf6 6.d4 cxd4 7.cxd4 d5 8.Ne5 
Bd7 9.Nxd7 Nxd7 10.Nc3 dxe4 11.Nxe4 O-O 12.Be3 Nb6 13.Bxc6 bxc6 14.Rc1 Qd5
15.Nc3 Qd7 16.Na4 Rfd8 17.Nxb6 axb6 18.Qb3 b5 19.Rfd1 e6 20.g3 Bf6 21.Rd2 
Ra4 22.a3 h5 23.h4 Kg7 24.Rdc2 Ra6 25.Rc5 Be7 26.R5c2 Qb7 27.Rd2 Rd5 28.
Rcd1 Qd7 29.Qc2 Bf6 30.Rd3 Ra4 31.Qd2 Qd8 32.Bh6+ Kh7 33.Be3 Qh8 34.Kg2 
Ra7 35.Qc2 Rc7 36.Kg1 Qd8 37.R1d2 Kg7 38.Kg2 Rf5 39.Qb3 Rd7 40.Qc2 Qa8 41.
Kg1 Rfd5 42.Kf1 Kh7 43.Rd1 Qb7 44.R1d2 Kg7 45.Kg1 Rd8 46.Rd1 Qd7 47.R3d2 
Rf5 48.Rc1 Rc8 49.Qb3 Rd5 50.Rcd1 Rd8 51.Kf1 Qa7 52.Rc1 Qd7 53.Rcd1 Kh7 
54.Kg1 Qb7 55.Qc2 Qd7 56.Kf1 Bg7 57.Kg1 Rc8 58.Qb3 Bf6 59.Qc2 Rd8 60.f4 
Bg7 61.Kg2 Bf6 1/2-1/2

[Event "POL-chT3"]
[Site "Jastrzebia Gora POL"]
[Date "2015.??.??"]
[Round "7.51"]
[White "Zgadzaj, Rafal"]
[Black "Jedra, Waldemar"]
[Result "1-0"]
[WhiteElo "2115"]
[BlackElo "1986"]
[EventDate "2015.??.??"]
[WhiteTitle "k"]
[BlackTitle "I"]

1.c4 Nf6 2.g3 g6 3.Bg2 Bg7 4.d4 d6 5.Nf3 O-O 6.b3 Nc6 7.Bb2 Bg4 8.d5 Na5 
9.Nd4 Bd7 10.Nc3 c5 11.dxc6 Nxc6 12.e3 a6 13.O-O Rb8 14.Qd2 Qa5 15.Rfe1 
Rfc8 16.Rad1 Nxd4 17.exd4 e6 18.a3 Qb6 19.Qc2 Qc7 20.d5 e5 21.Rc1 Bh6 22.
f4 Ng4 23.Kh1 exf4 24.Ne4 Bf5 25.Qc3 Ne5 26.Nxd6 f6 27.Rxe5 fxe5 28.Qxe5 
Bg7 29.Qxg7+ Qxg7 30.Bxg7 Kxg7 31.Nxc8 Rxc8 32.gxf4 b6 33.Kg1 Re8 34.Kf2 
Bd3 35.Rc3 Re2+ 36.Kf3 Rd2 37.Ke3 Re2+ 38.Kxd3 Rxg2 39.Rc2 Rg1 40.b4 Ra1 
41.c5 bxc5 42.bxc5 Rxa3+ 43.Kd4 1-0

[Event "POL-chT3"]
[Site "Jastrzebia Gora POL"]
[Date "2015.??.??"]
[Round "7.52"]
[White "Migala, Andrzej"]
[Black "Malecki, Rafal"]
[Result "0-1"]
[WhiteElo "1984"]
[BlackElo "2090"]
[EventDate "2015.??.??"]
[WhiteTitle "I++"]
[BlackTitle "k+"]

1.e4 d6 2.d4 Nf6 3.Nc3 g6 4.Be3 c6 5.h3 Bg7 6.Nf3 O-O 7.a4 Nbd7 8.Be2 e5 
9.dxe5 dxe5 10.Nd2 Qe7 11.Nc4 Ne8 12.Qd2 Nc5 13.O-O-O Ne6 14.Nd6 Nxd6 15.
Qxd6 Qf6 16.Bc4 Rd8 17.Qa3 Nd4 18.Rhf1 Be6 19.Qa2 Bxc4 20.Qxc4 b5 21.axb5 
cxb5 22.Qa2 Qc6 23.Bxd4 exd4 24.Nd5 Re8 25.f3 a5 26.Rf2 b4 27.Kb1 Kh8 28.
Nf4 Ra7 29.Qd5 Qb6 30.Nd3 Rc8 31.f4 a4 32.Ne5 d3 33.Nxd3 Rd8 34.Qg5 a3 35.
Rfd2 axb2 36.Nxb2 Rxd2 37.Rxd2 Qg1+ 38.Rd1 Qxd1+ 0-1

[Event "POL-chT3"]
[Site "Jastrzebia Gora POL"]
[Date "2015.??.??"]
[Round "7.55"]
[White "Walter, Szymon"]
[Black "Krogulski, Grzegorz"]
[Result "1/2-1/2"]
[WhiteElo "2214"]
[BlackElo "2304"]
[EventDate "2015.??.??"]
[WhiteTitle "k"]
[BlackTitle "m"]

1.e4 c5 2.Nf3 Nc6 3.d4 cxd4 4.Nxd4 Nf6 5.Nc3 d6 6.Bg5 e6 7.Qd2 a6 8.O-O-O 
Bd7 9.f3 Rc8 10.Nxc6 Bxc6 11.Ne2 h6 12.Bf4 e5 13.Bg3 Be7 14.Kb1 Qc7 15.Nc3
O-O 16.Bd3 b5 17.Rde1 b4 18.Nd1 a5 19.Ne3 Nh5 20.Bf2 Nf4 21.Bc4 Rfd8 22.
Rd1 Qb7 23.h4 Bb5 24.Bxb5 Qxb5 25.Rhe1 Bf8 26.g3 Ne6 27.Nd5 Nc5 28.f4 exf4
29.gxf4 Re8 30.Bxc5 Rxc5 31.f5 Rc4 32.Qg2 Kh7 33.f6 g6 34.h5 g5 35.b3 Rc5 
36.Qf3 Re5 37.Qd3 Qe8 38.Qf1 Qe6 39.Qf3 Kh8 40.Kb2 g4 41.Qh1 Rcxd5 42.exd5
Qxf6 43.Rf1 Rf5+ 44.Kc1 Rf3 45.Rxf3 gxf3 46.Rf1 Qa1+ 47.Kd2 Qd4+ 48.Kc1 
Qa1+ 49.Kd2 Qc3+ 50.Kc1 Qa1+ 1/2-1/2

[Event "POL-chT3"]
[Site "Jastrzebia Gora POL"]
[Date "2015.??.??"]
[Round "7.56"]
[White "Sygulski, Boguslaw"]
[Black "Zylka, Stanislaw"]
[Result "1/2-1/2"]
[WhiteElo "2242"]
[BlackElo "2213"]
[EventDate "2015.??.??"]
[WhiteTitle "IM"]
[BlackTitle "k"]

1.d4 Nf6 2.Nf3 g6 3.Bf4 Bg7 4.h3 O-O 5.e3 d6 6.Bc4 Nfd7 7.O-O Nc6 8.Nc3 h6
9.Re1 e5 10.dxe5 Ndxe5 11.Nxe5 Nxe5 12.Bb3 Be6 13.Bxe6 fxe6 14.Bxe5 Bxe5 
15.f4 Bg7 16.Qd3 Qf6 17.Ne4 Qf5 18.g4 Qd5 19.Red1 Rae8 20.Nd2 Qxd3 21.cxd3
e5 22.fxe5 Rxe5 23.Nf1 c6 24.Rd2 h5 25.Re1 Bh6 26.Rf2 Rxf2 27.Kxf2 Ra5 28.
a3 Rb5 29.b4 hxg4 30.hxg4 a5 31.Rb1 axb4 32.Rxb4 Rxb4 33.axb4 Bg7 34.d4 d5
35.Nd2 Bf8 36.b5 cxb5 37.Kf3 Kf7 38.Nb3 Kf6 39.e4 dxe4+ 40.Kxe4 Kg5 41.Kf3
1/2-1/2

[Event "POL-chT3"]
[Site "Jastrzebia Gora POL"]
[Date "2015.??.??"]
[Round "7.57"]
[White "Kastelik, Adrian"]
[Black "Markiewicz, Jerzy"]
[Result "0-1"]
[WhiteElo "2135"]
[BlackElo "2251"]
[EventDate "2015.??.??"]
[WhiteTitle "I++"]
[BlackTitle "FM"]

1.d4 Nf6 2.Nf3 g6 3.c4 Bg7 4.Nc3 O-O 5.e4 d6 6.h3 Na6 7.Be2 e5 8.dxe5 dxe5
9.Qxd8 Rxd8 10.Bg5 Re8 11.O-O-O c6 12.Nxe5 Nc5 13.Nf3 Nfxe4 14.Nxe4 Nxe4 
15.Be3 Ng3 16.Rhe1 Nxe2+ 17.Rxe2 b5 18.Nd4 bxc4 19.Rc2 Ba6 20.Nxc6 c3 21.
Nd4 cxb2+ 22.Rxb2 Bc4 23.Kd2 Rad8 24.Kc3 Bd5 25.g3 Bf6 26.Rdd2 Be4 27.Kb3 
Rd7 28.Ka4 Red8 29.Rb4 h5 30.f3 Bd5 31.a3 a5 32.Rb6 Bc4 33.Rc6 Bxd4 34.
Rxc4 Bxe3 35.Rxd7 Rxd7 36.Kxa5 Rd3 37.a4 Bd2+ 38.Kb6 Rb3+ 39.Kc5 Rxf3 40.
g4 Rxh3 41.gxh5 Rxh5+ 42.Kd6 Rf5 43.Rd4 Ba5 44.Ke7 Kg7 45.Re4 g5 46.Kd6 
Kg6 0-1

[Event "POL-chT3"]
[Site "Jastrzebia Gora POL"]
[Date "2015.??.??"]
[Round "7.58"]
[White "Zaskalski, Arkadiusz"]
[Black "Dzierzak, Radoslaw"]
[Result "0-1"]
[WhiteElo "2184"]
[BlackElo "2168"]
[EventDate "2015.??.??"]
[WhiteTitle "k"]
[BlackTitle "I++"]

1.Nf3 Nf6 2.c4 e6 3.g3 d5 4.Bg2 Be7 5.d4 O-O 6.O-O dxc4 7.Qc2 a6 8.Qxc4 b5
9.Qc2 Bb7 10.Bd2 Be4 11.Qc1 Nbd7 12.Ba5 Rc8 13.Nbd2 Ba8 14.Qc2 Qe8 15.b4 
Nb8 16.a3 Nc6 17.Nb3 Bd6 18.Rac1 e5 19.dxe5 Nxe5 20.Nxe5 Bxg2 21.Kxg2 Qxe5
22.Rfd1 Rfe8 23.e3 h5 24.Nd4 Ne4 25.Nf3 Qf5 26.Nd4 Qf6 27.Nf3 c5 28.Rd5 
Qe6 29.Qd3 c4 30.Qd4 g6 31.Bb6 Bf8 32.Re5 Qc6 33.Rxe8 Rxe8 34.Ba7 Bg7 35.
Qd1 Ng5 36.h4 Nxf3 37.Qxf3 Qxf3+ 38.Kxf3 Bb2 39.Rc2 Bxa3 40.Ra2 Bxb4 41.
Rxa6 Ra8 0-1

[Event "POL-chT3"]
[Site "Jastrzebia Gora POL"]
[Date "2015.??.??"]
[Round "7.59"]
[White "Faron, Rafal"]
[Black "Markiewicz, Mateusz"]
[Result "0-1"]
[WhiteElo "2033"]
[BlackElo "2040"]
[EventDate "2015.??.??"]
[WhiteTitle "I++"]
[BlackTitle "I++"]

1.d4 d6 2.c4 e5 3.Nc3 f5 4.Nf3 e4 5.Ng5 h6 6.Nh3 g5 7.g3 Bg7 8.Bg2 Nf6 9.
e3 Nc6 10.Ng1 O-O 11.Nge2 Qe8 12.O-O Qh5 13.Nd5 f4 14.Nxf6+ Rxf6 15.Nc3 
Bg4 16.Qb3 f3 17.Bh1 Qe8 18.Qxb7 Rb8 19.Qxc7 Bc8 20.d5 Ne5 21.Qxa7 Bf5 22.
Qd4 Qh5 23.h4 gxh4 24.Nxe4 Rg6 25.Nd2 h3 26.Rd1 h2+ 27.Kf1 Qh3+ 28.Ke1 
Nd3+ 0-1

[Event "POL-chT3"]
[Site "Jastrzebia Gora POL"]
[Date "2015.??.??"]
[Round "7.60"]
[White "Jalowiec, Halina"]
[Black "Binkowska, Agata"]
[Result "0-1"]
[WhiteElo "1985"]
[BlackElo "1553"]
[EventDate "2015.??.??"]
[WhiteTitle "WFM"]
[BlackTitle "I++"]

1.e4 c5 2.Nf3 a6 3.c3 d5 4.exd5 Qxd5 5.d4 e6 6.Be3 Nd7 7.c4 Qd6 8.Nc3 Ngf6
9.h3 Be7 10.Be2 O-O 11.Qc2 Qc7 12.O-O b6 13.dxc5 Nxc5 14.Ng5 Bb7 15.b4 
Ncd7 16.a3 Ne5 17.Nce4 Nxe4 18.Nxe4 Qc6 19.f3 Rac8 20.Rac1 f5 21.Nd2 Nd7 
22.Nb3 Qc7 23.Nd4 Qe5 24.Bf2 Bd6 25.g3 Qf6 26.Qd2 Qg6 27.Kh2 Ne5 28.Rg1 
Rfd8 29.Qe3 Re8 30.f4 Nf7 31.Bd3 e5 0-1

[Event "POL-chT3"]
[Site "Jastrzebia Gora POL"]
[Date "2015.??.??"]
[Round "7.61"]
[White "Brzezinski, Mateusz"]
[Black "Luksik, Mateusz"]
[Result "0-1"]
[WhiteElo "2125"]
[BlackElo "2056"]
[EventDate "2015.??.??"]
[WhiteTitle "I++"]
[BlackTitle "k+"]

1.e4 c5 2.Nf3 Nc6 3.d4 cxd4 4.Nxd4 e5 5.Nb5 a6 6.Nd6+ Bxd6 7.Qxd6 Qe7 8.
Qxe7+ Ngxe7 9.Nc3 d5 10.Bd2 Be6 11.exd5 Nxd5 12.Bc4 Nxc3 13.Bxe6 Ne4 14.
Bd5 Nxd2 15.Bxc6+ bxc6 16.Kxd2 O-O-O+ 17.Ke2 Rd5 18.Rad1 Rhd8 19.Rxd5 cxd5
20.h4 Kd7 21.Rh3 Rb8 22.b3 Rb4 23.Rd3 Ke6 24.g3 Rb8 25.Rc3 Kd6 26.a3 a5 
27.Kd2 f5 28.f4 e4 29.Ke3 Rb6 30.Rc8 Rc6 31.Rd8+ Kc5 32.h5 Rd6 33.Rc8+ Rc6
34.Rd8 Rd6 35.b4+ axb4 36.axb4+ Kc6 37.b5+ Kc5 38.Rf8 d4+ 39.Kd2 g6 40.h6 
Rd7 41.Rb8 Kd6 42.Rg8 Ra7 43.Rg7 Ra2 44.Kd1 Ra1+ 45.Kd2 Ra2 46.Kd1 Ra1+ 
47.Kd2 e3+ 48.Ke2 Rc1 49.Rxh7 Rxc2+ 50.Kd1 d3 0-1

[Event "POL-chT3"]
[Site "Jastrzebia Gora POL"]
[Date "2015.??.??"]
[Round "7.62"]
[White "Pulik, Krzysztof"]
[Black "Kulczyk, Pawel"]
[Result "1-0"]
[WhiteElo "2137"]
[BlackElo "2095"]
[EventDate "2015.??.??"]
[WhiteTitle "k"]
[BlackTitle "k"]

1.e4 c5 2.c3 d6 3.d4 cxd4 4.cxd4 Nf6 5.Nc3 g6 6.h3 Bg7 7.Nf3 O-O 8.Bd3 b6 
9.Qe2 Bb7 10.O-O Nbd7 11.Rd1 Rc8 12.Bg5 Qc7 13.Rac1 Qb8 14.b4 Rc7 15.Rc2 
Rfc8 16.Rdc1 Qa8 17.Nd2 h6 18.Be3 a5 19.b5 a4 20.a3 e5 21.d5 Ne8 22.Na2 
Nc5 23.Bxc5 Rxc5 24.Rxc5 Rxc5 25.Rxc5 bxc5 26.Nc4 f5 27.f3 Qd8 28.Nc3 fxe4
29.fxe4 Qg5 30.Nxa4 Bf6 31.Qe3 Qh4 32.Qf2 Qg5 33.Ne3 Ng7 34.g3 Bc8 35.h4 
1-0

[Event "POL-chT3"]
[Site "Jastrzebia Gora POL"]
[Date "2015.??.??"]
[Round "7.63"]
[White "Wisniewski, Adam"]
[Black "Kopczyk, Daniel"]
[Result "0-1"]
[WhiteElo "1916"]
[BlackElo "2133"]
[EventDate "2015.??.??"]
[WhiteTitle "I+"]
[BlackTitle "k"]

1.e4 g6 2.d4 Bg7 3.Nf3 d6 4.Bc4 Nf6 5.Qe2 O-O 6.O-O Nc6 7.e5 Ne8 8.Rd1 Bg4
9.Bf4 Qc8 10.Qe3 Bxf3 11.gxf3 dxe5 12.dxe5 Qf5 13.Bd3 Qh5 14.Re1 Rd8 15.
Nd2 Nd4 16.c3 Ne6 17.Bg3 Bh6 18.f4 Nxf4 19.Bxf4 Qg4+ 20.Qg3 Qxf4 21.Nc4 
Qxg3+ 22.hxg3 Rxd3 23.Rad1 Rxd1 24.Rxd1 Ng7 25.Na5 Ne6 26.Rd7 0-1

[Event "POL-chT3"]
[Site "Jastrzebia Gora POL"]
[Date "2015.??.??"]
[Round "7.64"]
[White "Wozniak, Maciej"]
[Black "Mazalon, Mariusz"]
[Result "0-1"]
[WhiteElo "2087"]
[BlackElo "2040"]
[EventDate "2015.??.??"]
[WhiteTitle "k"]
[BlackTitle "k"]

1.e4 c5 2.Nf3 a6 3.c3 d6 4.h3 Nf6 5.Be2 Nbd7 6.d3 g6 7.O-O Bg7 8.Re1 O-O 
9.Bf1 e5 10.a4 b6 11.Na3 Bb7 12.Nc4 Qc7 13.Qc2 h6 14.Ne3 d5 15.Ng4 Kh7 16.
Ngh2 dxe4 17.dxe4 c4 18.Nd2 b5 19.b3 cxb3 20.Nxb3 b4 21.c4 Rfc8 22.a5 Bf8 
23.Bd3 Nc5 24.Nxc5 Qxc5 25.Nf1 Rd8 26.Be3 Qd6 27.Red1 Nd7 28.Nd2 Qc6 29.
Nb3 Nc5 30.Nxc5 Bxc5 31.Qe2 Bxe3 32.fxe3 Rd7 33.Bc2 Rad8 34.Rd5 Qc7 35.
Rxd7 Rxd7 36.Ba4 Rd6 37.Qb2 Qc5 38.Qe2 Bxe4 39.Be8 Kg7 40.Qf2 f5 41.Rc1 
Rd3 42.Re1 Qxc4 43.Bxg6 Kxg6 44.Qg3+ Kh7 45.Qxe5 Qc3 46.Qe7+ Qg7 0-1

[Event "POL-chT3"]
[Site "Jastrzebia Gora POL"]
[Date "2015.??.??"]
[Round "7.65"]
[White "Stoppel, Mariusz"]
[Black "Bielawski, Michal"]
[Result "1-0"]
[WhiteElo "2034"]
[BlackElo "2036"]
[EventDate "2015.??.??"]
[WhiteTitle "I+"]
[BlackTitle "I+"]

1.e4 d6 2.d4 Nf6 3.Nc3 g6 4.f3 Bg7 5.Be3 c6 6.a4 O-O 7.Qd2 Nbd7 8.Nh3 Qa5 
9.Be2 b5 10.b4 Qxb4 11.O-O bxa4 12.Rxa4 Qb7 13.Nf2 Nb6 14.Raa1 Be6 15.Ba6 
Qc7 16.Qe2 Nfd7 17.f4 Nb8 18.Bd3 Bd7 19.e5 Nd5 20.Nfe4 Bf5 21.g4 Nxc3 22.
Nxc3 Bxd3 23.Qxd3 Nd7 24.Ne4 c5 25.dxc5 dxe5 26.f5 Nf6 27.Nxf6+ Bxf6 28.
Qe4 Rfc8 29.g5 Bg7 30.Ra6 gxf5 31.Qxf5 e6 32.Qf3 Rd8 33.Ra4 a5 34.Rh4 a4 
35.Qe4 Kf8 36.Rxh7 a3 37.Qg6 f5 38.gxf6 1-0

[Event "POL-chT3"]
[Site "Jastrzebia Gora POL"]
[Date "2015.??.??"]
[Round "7.66"]
[White "Jurkiewicz, Zuzanna"]
[Black "Mackiewicz, Anna"]
[Result "1-0"]
[WhiteElo "1507"]
[BlackElo "1955"]
[EventDate "2015.??.??"]
[WhiteTitle "I"]
[BlackTitle "k+"]

1.f4 d5 2.e3 Nf6 3.Nf3 Bg4 4.Be2 e6 5.O-O c5 6.d3 Nc6 7.Nc3 Be7 8.Kh1 O-O 
9.Qe1 Nd7 10.e4 d4 11.Nb1 f5 12.Nbd2 Nb4 13.Qd1 Nf6 14.a3 Nc6 15.h3 Bh5 
16.Qe1 Qe8 17.Qg3 b5 18.Re1 fxe4 19.dxe4 c4 20.e5 Nd5 21.Ne4 h6 22.Nh4 
Bxe2 23.Rxe2 Qh5 24.Nf3 Rf5 25.Nd6 Bxd6 26.exd6 Rf6 27.Re1 Qf5 28.Re2 d3 
29.cxd3 Qxd3 30.Qe1 Qg6 31.Bd2 Rd8 32.Ne5 Qe8 33.d7 Qh5 34.Nxc6 Rxd7 35.
Rxe6 Nxf4 36.Bxf4 Rxf4 37.Re8+ Kh7 38.Re7 Rd3 39.Re3 Qf5 40.Ne7 Qf7 41.Nc6
Qf6 42.Ne5 Rd8 43.Qg3 Rd2 44.Rb1 Qf5 45.Qe1 Qc2 46.Rc3 Qf5 47.Qxd2 Qxb1+ 
48.Rc1 Qf5 49.Qc2 Re4 50.Nf3 Kg8 51.Rd1 Qe6 52.Rd8+ Kf7 53.Rd7+ Qxd7 54.
Qxe4 Qd6 55.Qe5 Qxe5 56.Nxe5+ Ke6 57.Nc6 a6 58.Nb4 a5 59.Nc6 Kd5 60.Nxa5 
Kd4 61.Nc6+ Kd5 62.Na7 Kc5 1-0

[Event "POL-chT3"]
[Site "Jastrzebia Gora POL"]
[Date "2015.??.??"]
[Round "7.67"]
[White "Steczek, Marcin"]
[Black "Rozycki, Bartlomiej"]
[Result "1-0"]
[WhiteElo "2353"]
[BlackElo "2167"]
[EventDate "2015.??.??"]
[WhiteTitle "FM"]
[BlackTitle "k++"]

1.Nf3 Nf6 2.b3 g6 3.Bb2 Bg7 4.e3 O-O 5.Be2 d5 6.c4 c5 7.cxd5 Nxd5 8.Bxg7 
Kxg7 9.Qc1 Qa5 10.O-O Nc6 11.Qb2+ Kg8 12.Rc1 Bg4 13.a3 Rfd8 14.d3 Rac8 15.
Nbd2 Nf6 16.Rc3 Nd5 17.Rc2 Nc7 18.Rac1 Ne6 19.Bf1 Bxf3 20.Nxf3 Qc7 21.b4 
cxb4 22.axb4 Qd7 23.d4 a6 24.b5 Nb8 25.Ne5 Rxc2 26.Rxc2 Qd6 27.bxa6 bxa6 
28.Qb7 a5 29.Qb5 Qd5 30.Qxd5 Rxd5 31.Bc4 Rd8 32.Ra2 Rc8 33.g3 Nc6 34.Bxe6 
fxe6 35.Nxc6 Rxc6 36.Rxa5 Kf7 37.g4 Rc2 38.Kg2 Rb2 39.h4 Kf6 40.h5 g5 41.
d5 exd5 42.Rxd5 h6 43.Rf5+ Kg7 44.Rc5 Rb6 45.Kg3 Re6 46.Rc3 Re4 47.Rc6 Kh7
48.Rg6 Re5 49.Kf3 Ra5 50.Re6 Ra7 51.Ke4 Kg7 52.Kf3 Rb7 53.Kg3 Ra7 54.f4 
gxf4+ 55.Kxf4 Rb7 56.e4 Ra7 57.Kf5 Rb7 58.e5 Kh7 59.Rc6 Kg7 60.Ke6 Ra7 61.
Rc5 Kf8 62.Rc8+ Kg7 63.Re8 Ra5 64.Rxe7+ Kg8 65.Kf5 1-0

[Event "POL-chT3"]
[Site "Jastrzebia Gora POL"]
[Date "2015.??.??"]
[Round "7.68"]
[White "Winiarski, Mikolaj"]
[Black "Meczynski, Waldemar"]
[Result "1-0"]
[WhiteElo "2130"]
[BlackElo "2106"]
[EventDate "2015.??.??"]
[WhiteTitle "k"]
[BlackTitle "k"]

1.d4 Nf6 2.c4 e6 3.Nc3 Bb4 4.Qc2 c5 5.dxc5 Bxc5 6.Nf3 h6 7.Bf4 a6 8.h3 d6 
9.e3 e5 10.Bh2 Be6 11.Be2 O-O 12.O-O Qe7 13.Rfd1 Nbd7 14.a3 Rac8 15.Qd2 
Rfd8 16.Rac1 Nf8 17.b4 Ba7 18.Na4 Ne8 19.Qb2 f6 20.Nc3 Nc7 21.Rc2 Qf7 22.
Ne4 Ne8 23.Nfd2 d5 24.cxd5 Bxd5 25.Rdc1 Rxc2 26.Qxc2 Kh8 27.Nf3 Ne6 28.Nh4
Nd6 29.Nxd6 Rxd6 30.Qf5 g5 31.Bxe5 Nf4 32.exf4 fxe5 33.Rc8+ Kg7 34.Qxe5+ 
Rf6 35.Rc7 gxh4 36.Bh5 Qxc7 37.Qxc7+ Bf7 38.Qxb7 Bd4 39.Bxf7 Rxf7 40.Qe4 
Ba7 41.Qe5+ Kh7 42.Kf1 Rg7 43.Qf5+ Rg6 44.Qd7+ Rg7 45.Qd3+ 1-0

[Event "POL-chT3"]
[Site "Jastrzebia Gora POL"]
[Date "2015.??.??"]
[Round "7.69"]
[White "Swiatnicki, Andrzej"]
[Black "Chylewski, Patryk"]
[Result "1/2-1/2"]
[WhiteElo "2109"]
[BlackElo "2027"]
[EventDate "2015.??.??"]
[WhiteTitle "k"]
[BlackTitle "k"]

1.d4 Nf6 2.Nc3 d5 3.Bg5 Nbd7 4.Nf3 h6 5.Bxf6 Nxf6 6.e3 e6 7.a3 Be7 8.Bd3 
O-O 9.O-O c5 10.Re1 b6 11.Ne5 Bb7 12.f4 Ne4 13.Nxe4 dxe4 14.Bf1 Qc7 15.c3 
Kh7 16.Qh5 g6 17.Qh3 Kg7 18.Rad1 Rad8 19.Qg3 a6 20.Be2 Bf6 21.Rf1 Bc8 22.
h4 Kh7 23.h5 g5 24.Qg4 Qb7 25.Rf2 gxf4 26.exf4 Rg8 27.Qh3 Rg7 28.Qe3 Bh4 
29.g4 Bxf2+ 30.Kxf2 cxd4 31.cxd4 f6 32.Ng6 Qd5 33.Rc1 Bb7 34.Bc4 Qd7 35.
Ba2 Rc8 36.Rxc8 Qxc8 37.Bxe6 Qc2+ 38.Kg3 Qd3 39.Nf8+ Kh8 40.Ng6+ Kh7 41.
Nf8+ 1/2-1/2

[Event "POL-chT3"]
[Site "Jastrzebia Gora POL"]
[Date "2015.??.??"]
[Round "7.70"]
[White "Praczukowski, Stanislaw"]
[Black "Walaszczyk, Witold"]
[Result "1-0"]
[WhiteElo "2028"]
[BlackElo "2143"]
[EventDate "2015.??.??"]
[WhiteTitle "I++"]
[BlackTitle "k"]

1.e4 g6 2.d4 Bg7 3.Nc3 d5 4.exd5 Nf6 5.Bb5+ Nbd7 6.Bg5 O-O 7.Qd2 Nb6 8.
O-O-O Nbxd5 9.Nge2 c6 10.Bc4 Be6 11.Bxd5 cxd5 12.f3 b5 13.Kb1 Qb6 14.Bh6 
Bxh6 15.Qxh6 b4 16.Na4 Qb5 17.Nf4 Qxa4 18.g4 Rfc8 19.Rd2 Rc6 20.h4 Ra6 21.
a3 bxa3 22.b3 Qb4 23.Rd3 a2+ 24.Ka1 Bxg4 25.fxg4 Nxg4 26.Qg5 Nf2 27.Nxd5 
Qd6 28.Nxe7+ Kf8 29.Re3 Qxd4+ 30.c3 Qf6 31.Qc5 Kg7 32.Nd5 Rc6 33.Qb4 a5 
34.Qa4 Qd6 35.Qd4+ f6 36.Re7+ Kg8 37.Rhe1 Ng4 38.R7e6 Qxe6 39.Rxe6 Rxe6 
40.Qxg4 Rae8 41.Kxa2 Re2+ 42.Ka3 Rf2 43.Qc4 Kh8 44.b4 axb4+ 45.Nxb4 Rf3 
46.Kb3 Kg7 47.Qb5 Ree3 48.Nd5 Re1 49.Qd7+ Kh6 50.Nxf6 Rxf6 51.Qd2+ Kh5 52.
Qg5# 1-0

[Event "POL-chT3"]
[Site "Jastrzebia Gora POL"]
[Date "2015.??.??"]
[Round "7.71"]
[White "Smagalski, Slawomir"]
[Black "Kokoszczynski, Jan"]
[Result "0-1"]
[WhiteElo "1966"]
[BlackElo "1873"]
[EventDate "2015.??.??"]
[WhiteTitle "I+"]
[BlackTitle "I++"]

1.Nf3 f5 2.e4 fxe4 3.Ng5 Nf6 4.d3 h6 5.Nxe4 e6 6.Be3 d5 7.Nxf6+ Qxf6 8.d4 
Bd6 9.c3 O-O 10.Nd2 Nd7 11.Nf3 c6 12.Qd2 e5 13.O-O-O a5 14.Be2 a4 15.g4 
exd4 16.cxd4 Bf4 17.h4 Qd8 18.g5 h5 19.Ne1 g6 20.Nd3 Bxe3 21.fxe3 Nb6 22.
Qc3 Bf5 23.Nc5 Re8 24.Rde1 0-1